Bundesland in Bildern - Baden-Württemberg - Statistiken

Allgemein
  • Dieses Quiz wurde 79 mal gespielt
    78 seit der letzten Aktualisierung
  • Das Durchschnittsergebnis liegt bei 12 aus 16
Antwortstatistiken
Bildquiz Antwort % Korrekt
Porsche
94%
Maultasche
93%
Kuckucksuhr
89%
VfB Stuttgart
89%
Europa-Park
86%
Bodensee
85%
Feldberg
82%
Hockenheimring
79%
Schwarzwald
79%
Ulmer Münster
79%
Karlsruhe
75%
Konstanz
68%
Stuttgart
65%
Burg Hohenzollern
63%
Blautopf
54%
Mercedes-Benz-Museum
42%
Keine übereinstimmenden Quizze gefunden
Verteilung der Resultate
Anzahl Personen mit jedem Resultat
Perzentil nach korrekt beantworteten Fragen
Ihre Resultats-Entwicklung
Sie haben dieses Quiz seit der letzten Aktualisierung nicht gespielt